[Event "POL-ch 60th"]
[Site "Warsaw"]
[Date "2003.04.29"]
[Round "8"]
[White "Grabarczyk, Miroslaw"]
[Black "Bartel, Mateusz"]
[Result "1-0"]
[WhiteElo "2508"]
[BlackElo "2443"]
[Annotator "Roiz,M"]
[PlyCount "83"]
[EventDate "2003.04.22"]
[EventType "tourn"]
[EventRounds "13"]
[EventCountry "POL"]
[EventCategory "12"]
[SourceTitle "CBM 095"]
[Source "ChessBase"]
[SourceDate "2003.07.25"]
[SourceVersion "1"]
[SourceVersionDate "2003.07.25"]
[SourceQuality "1"]

1. d4 f5 2. c4 Nf6 3. Nf3 g6 4. b3 {The main idea of this move is to avoid
well-known lines. The drawback of it is: now black can play d7-d5 by one move.
So, in my opinion, better to wait for d7-d6 (4.g3 Bg7 5.Bg2 0-0 6.0-0 d6 7.b3)}
Bg7 5. Bb2 c6 6. g3 O-O 7. Bg2 Ne4 8. O-O d5 {This pawn structure is similar
to the ''Stone-wall'' system, but the difference is very important: black has
a good place on e6 for his bishop. In my opinion, it is easier for black to
fight for e5 square because white cannot change the dark-squared bishops.} 9.
Nbd2 {The most popular continuation.} ({Possible also} 9. Nc3 Be6 10. Qc2 Kh8 (
10... Nd7 $142) 11. a4 Nd7 (11... a5 $5 {Roiz,M}) 12. a5 Rc8 13. Rfd1 Qe8 14.
Rac1 dxc4 $6 (14... h6 $5 {[%cal Gg6g5] Roiz,M}) 15. bxc4 Nd6 16. d5 Bg8 17.
Qb3 Nc5 18. Qa2 b6 19. axb6 axb6 20. Na4 $36 {1-0 Dreev,A-Berkovich,D/Podolsk
1992}) 9... Be6 10. e3 (10. Qc2 Nd7 11. e3 (11. Rfd1 Rc8 12. e3 Ndf6 (12... Kh8
) (12... h6) 13. Ne5 g5 14. Rac1 Nd6 15. Nd3 h6 16. Ba3 Nfe4 17. cxd5 cxd5 18.
Qb2 b6 19. Nf3 Rxc1 20. Rxc1 Qa8 21. Nfe5 Rc8 22. f3 $14 {1-0 Ruban,V-Malaniuk,
V/URS-ch58 Moscow 1991}) 11... h6 12. Rac1 Rc8 13. c5 g5 14. Ne1 Qa5 15. Nxe4
dxe4 16. Bc3 Qa6 17. Qb2 b6 18. Nc2 Qb7 19. Rfd1 Nf6 $132 {1/2-1/2 Pelletier,
Y-Anic,D/Cannes op 1998}) (10. cxd5 $6 cxd5 11. Ne5 Nd7 12. Nd3 Qb6 13. e3 Rfc8
14. Rc1 Qa5 15. b4 Rxc1 16. bxa5 Rxd1 17. Rxd1 b6 $15 {0-1 Gurevich,D-Palatnik,
S/Chicago op 1992}) 10... a5 $146 {This is a standard move in this type of
postions. Black wants to create a weak pawn on b3 or even to push a4-a3. The
knight can be placed on a6(or even b4)} (10... Nd7 11. Rc1 Kh8 12. Qc2 a5 13.
a4 {(In this case better to leave the knight on b8-now it's not possible to
play Na6)} Qe8 14. Rfd1 Rc8 15. Ne1 Qf7 16. Nd3 $14 {1-0 Kharitonov,A-Bareev,E/
Sochi 1987}) (10... h6 11. Rc1 Nd7 12. Qc2 g5 13. Rfd1 Qe8 14. Ne1 Ndf6 15. f3
Qh5 (15... Nd6 $142) 16. Nd3 (16. fxe4 fxe4 17. Nf1) 16... Nd6 17. Re1 Qe8 (
17... Rad8) 18. Ne5 f4 $2 19. exf4 Bf5 20. Qd1 gxf4 21. g4 $16 {1-0 Stajcic,
N-Gazik,I/SVK-ch Trencin 1995}) 11. Qe2 $6 {After this move black has a clear
counterchanses on the Q-side.Better was to put the queen on c2.} (11. Qc2 $142)
11... a4 {[%cal Ga4a3]} 12. Ba3 {Actually, this is the only defence against 12.
..a3!} Bf6 $1 {A good move! Defending on e7 and taking control of g5.} (12...
Nd7 $6 13. Nxe4 fxe4 (13... dxe4 14. Ng5) 14. Ng5 Bf7 15. f3 axb3 16. axb3 exf3
17. Qxf3 $14) 13. Rfc1 Nd7 $11 {Black is not worse. I don't see any way to
improve the position of white.} 14. Nxe4 dxe4 (14... fxe4 15. Nd2 h5 $132) 15.
Ne1 {[%csl Re1,Ge4] The knight has no perspectives.} (15. Nd2 c5 16. Bb2 cxd4 (
16... Nb6 $6 17. Rd1) 17. Bxd4 Ne5 $15 {[%cal Ge5d3]}) 15... c5 $1 16. Bb2 (16.
Rd1 axb3 17. axb3 Qb6 $15 {[%csl Rb3,Rd4]}) 16... axb3 17. axb3 Qb6 {[%csl Rb3,
Rd4]} 18. d5 $6 {After this move white couldn't get any counterplay. Better
was to leave some pressure in the centre.} (18. Qd1 Rfd8 19. Rxa8 Rxa8 20. Ra1
Rxa1 21. Bxa1 $11) 18... Bf7 19. Qc2 Ne5 $15 20. Bc3 e6 21. f4 {A risky move,
but actually this is the only way to activate the pieces.} ({after} 21. dxe6
Bxe6 22. Rxa8 Rxa8 23. Rd1 (23. Qb2 $2 Nxc4) 23... Bg7 {white's position is
very passive.}) 21... Ng4 (21... exf3 22. Nxf3 Nxf3+ 23. Bxf3 Bg5 24. Qd3 exd5
25. Bxd5 Rae8 $15) 22. Bxf6 exd5 $1 {An interesting idea! Black wants to get
strong pawns in the centre at any case! Strange decision. Why should black go
for such complications?} ({after} 22... Nxf6 23. dxe6 Bxe6 $15 {[%csl Rb3,Re1,
Rg2] black is just better without any counterplay.}) 23. Be7 $6 {After this
move the bishop will be completely out of play for a long time. White should
try to change as more pieces as he can, but his position is hard anyway. The
next few moves are force.} (23. Rxa8 Rxa8 24. Ra1 Re8 $1 (24... Rxa1 $143 25.
Bxa1 Nxe3 26. Qa2 d4 27. Nc2 Nxg2 28. Kxg2 {and it is not so easy to push the
pawns.}) 25. Bb2 Nxe3 26. Qd2 d4 $36) 23... Rxa1 24. Rxa1 Re8 25. Bh4 Nxe3 26.
Qd2 d4 {[%csl Rb3][%cal Gb6b3]} 27. Ra3 h6 $1 {White has no useful moves, so
black can just improve his position.} 28. Bh3 Kh7 {[%csl Rh3,Rh4] All white
pieces are very passive and there is no coordination between them.} 29. Ng2 {
It is clear that white wants to simplify the postion, but now black could push
his pawns.} (29. Qa5 Qc6 (29... Qxa5 30. Rxa5 d3 31. Ra2 {[%cal Gh4f6]} Kg7 32.
Rd2 {[%cal Gg1f2]}) 30. Qd2 b5 31. Ra7 Kg8 32. Nc2 Nxc2 33. Qxc2 bxc4 34. bxc4
d3 35. Qc3 Qd6 36. Qf6 Qxf6 37. Bxf6 e3 $19) 29... Nxg2 30. Bxg2 e3 31. Qe2 Qb4
32. Ra2 (32. Ra1 Qc3 $1 33. Rd1 (33. Rb1 d3 $19) 33... Qxb3 $19) 32... Qxb3 33.
Rb2 Qxb2 $4 {A terrible move! What did black missed? Maybe he has forgot about
35.g4?} (33... Qxc4 34. Qxc4 Bxc4 35. Rxb7+ Kg8 {[%cal Ge3e1,Ge3e2]} 36. Re7
Kf8 $1 37. Rxe8+ Kxe8 38. Bc6+ Kf7 $19 {[%cal Gd4d3,Gd3d2,Ge3e2]}) 34. Qxb2 e2
35. g4 $18 {The game is over.} e1=Q+ 36. Bxe1 Rxe1+ 37. Kf2 Re7 38. gxf5 gxf5
39. Bf1 Re4 40. Qxb7 Rxf4+ 41. Ke1 Re4+ 42. Kd2 {[%mdl 20]} 1-0

[Event "Bundesliga 0304"]
[Site "Germany"]
[Date "2003.12.13"]
[Round "5.5"]
[White "Nguyen, Chi Minh"]
[Black "Sadler, Matthew D"]
[Result "0-1"]
[WhiteElo "2375"]
[BlackElo "2626"]
[Annotator "Roiz,M"]
[PlyCount "126"]
[EventDate "2003.11.01"]
[EventType "team-tourn"]
[EventRounds "15"]
[EventCountry "GER"]
[SourceTitle "CBM 099"]
[Source "ChessBase"]
[SourceDate "2004.03.30"]
[SourceVersion "1"]
[SourceVersionDate "2004.03.30"]
[SourceQuality "1"]
[WhiteTeam "St Ingbert"]
[BlackTeam "Solingen"]
[WhiteTeamCountry "GER"]
[BlackTeamCountry "GER"]

1. d4 f5 2. g3 Nf6 3. Bg2 g6 4. c3 {[%cal Gd1b3] That is a well known
alternative to the main lines. White will put pressure on b7 and prevent
black's castle.} Bg7 5. Qb3 Nc6 6. Nd2 d5 7. Ngf3 ({As the practice shows,
black has no difficulties after other continuations:} 7. Ndf3 Ne4 (7... e6 8.
Nh3 O-O 9. Nf4 Ne4 10. h4 b6 11. h5 g5 12. h6 Bh8 13. Nd3 Bd7 $15 {0-1 Hansen,
L-Danielsen,H/Denmark 1997/EXT 99 (36)}) 8. Nh3 e6 9. Nf4 a5 10. a4 Qe7 11. h4
b6 12. Nd3 Ba6 13. Bf4 O-O $11 {0-1 Henrichs,T-Rotstein,A/Germany 2003/EXT
2004 (30)}) (7. Nh3 a5 (7... e5 8. dxe5 Nxe5 9. Nf3 Nc4 10. Nf4 c6 11. Qc2 Ne4
12. Nd4 Qe7 $15 {0-1 Czerwonski,A-Grabarczyk,B/Plock 2000/CBM 78 (34)}) 8. a4
e6 9. Nf4 O-O 10. Nf3 Ne4 11. h4 (11. O-O Qd7 12. Nd3 b6 13. Bf4 Ba6 $11 {
1/2-1/2 Voloshin,L-Grabarczyk,B/Germany 2001/EXT 2003 (60)}) 11... Re8 12. Ng5
Qd6 13. Be3 Rb8 14. Nd3 b6 15. Bf4 Qe7 16. Nf3 Ba6 $11 {0-1 Marcelin,C-Bauer,C/
Montpellier 2003/CBM 95 ext (37)}) 7... e6 {The most solid continuation.} (7...
Ne4 8. h4 e5 9. dxe5 Nxe5 10. Nxe5 Bxe5 11. Nf3 Bf6 12. Be3 c6 13. Bd4 O-O 14.
e3 Qe7 15. Bxf6 Rxf6 $11 {1/2-1/2 Bricard,E-Santo Roman,M/Val Thorens 1990/EXT
99 (15)}) (7... a5 8. a4 e6 9. Qa3 Qd6 10. Nb1 O-O 11. Bf4 Qd7 12. Qb3 b6 13.
Na3 Ba6 14. Nb5 Rac8 $11 {0-1 Trichkov,V-Grabarczyk,B/Griesheim 2003/CBM 92
ext (40)}) (7... O-O $6 8. Ne5 $14) 8. h4 O-O 9. Ng5 $5 {[%mdl 16384] That is
probably the best try - otherwise white is simply worse.} ({Black's
development is more comfortable after:} 9. Nf1 Ne4 10. Bf4 b6 $15 {[%cal Gc8a6]
}) 9... e5 $1 (9... b6 10. Ndf3 Na5 11. Qc2 $14 {[%cal Gc1f4]}) 10. dxe5 Nxe5 {
Black has got a stable pawn centre .} 11. Ndf3 $2 {[%mdl 16384] White must
play very energetically!} ({The correct way was:} 11. h5 $1 h6 (11... Re8 $6
12. hxg6 hxg6 13. c4 $1 dxc4 14. Nxc4 Nd3+ 15. Kf1 Nc5 16. Qc2 $36 {[%csl Rg8]
[%cal Gc1e3,Ge3f4]}) (11... gxh5 12. Ndf3 Nc4 13. Bf4 c6 14. O-O-O $13 {
[%csl Rf5,Rh5]}) 12. Ngf3 Nxf3+ 13. Nxf3 g5 14. Nxg5 hxg5 15. Bxg5 Kh7 16.
O-O-O $44) 11... Neg4 12. Nd4 Re8 13. Bf4 c6 (13... h6 $5 14. Ngf3 Ne4 15. O-O
c6 16. c4 c5 17. Nb5 dxc4 18. Qxc4+ Be6 $15) 14. Rd1 Qb6 15. O-O Bd7 16. e3 h6
17. Nh3 (17. Ngf3 $6 c5 18. Ne2 Bb5 $17) 17... Kh7 {Black is not in a hurry:
white hasn't got any counterplay.} 18. Qc2 {White is playing very passively.
Such a play can lead to a quick loss even if you have no visible weaknesses!} (
18. Rfe1 $142 c5 19. Nc2 Bc6 (19... Qa6 $2 20. Bxd5 Ba4 21. Qxb7 Qxb7 22. Bxb7
Bxc2 23. Bxa8 Bxd1 24. Rxd1 Rxa8 25. f3) 20. Qxb6 axb6 21. a3 $15) 18... Qa6 (
18... c5 $5 19. Ne2 Bc6 $15) 19. Rfe1 Rad8 (19... Qxa2 $4 20. Ra1 Qc4 21. Bd6
$1 $18 {[%csl Rc4][%cal Gg2f1,Gb2b3]}) (19... c5 $5 20. Nb3 Ba4 21. Qd2 (21. f3
Ne5 22. Bxe5 Rxe5 $17) 21... Qb6 $36) 20. Bc7 Rc8 21. Bf1 ({after} 21. Bf4 c5
22. Nb3 Ba4 {is even stronger than on previous move.}) 21... b5 22. Bf4 c5 {
All white's pieces are not coordinated - black has a large space advantage.
White has no visible weaknesses, but strategically he is already lost!} 23. Nf3
({after} 23. Nb3 Qb6 24. Bg2 Bc6 $17 {[%cal Ga7a5] all white's minor pieces
have no normal spots .}) 23... Kh8 24. Nd2 {White is just waiting for black's
active actions.} Nh5 $6 {Now white at least gets some counterplay. In my
opinion that is a mistake from the strategical point of view, since black
could easily prevent that.} (24... Qb6 $142 25. Bg2 Rcd8 $15) 25. a4 c4 ({
It was possible to sacrifice an exchange:} 25... Qxa4 $5 26. Qxa4 bxa4 27. Ba6
a3 28. Bxc8 Rxc8 29. bxa3 Bxc3 $15) 26. axb5 Bxb5 (26... Qxb5 27. Nf3 {[%cal
Gf3d4]} Nhf6 28. Nd4 Qb6 29. Bg2 a5 $15 {[%cal Ga5a4]}) 27. Nf3 (27. Ra1 Qb6
28. Nf3 Nhf6 29. Nd4 Bd7 $15) 27... Nhf6 28. Nd4 Bd7 (28... Ba4 $2 29. Ra1 Bxc2
30. Rxa6 $16) 29. Ra1 Qb6 30. f3 $1 {The Ng4 is too unpleasant for white. On
the other side, Bf4 is not useful for white, so he is ready to change it.} (30.
Ra2 a5 31. Bg2 a4 $15 {[%csl Rb2]}) 30... Ne5 31. Bxe5 ({after} 31. Ra3 a5 {
[%cal Ga5a4] white has no plan also.}) 31... Rxe5 32. Nf4 Be8 {The most direct.
} ({after} 32... Kh7 33. Bh3 {[%cal Gh4h5] white could get some counterchances.
}) 33. Qb1 (33. Ra3 a5 $17 {[%cal Ga5a4]}) 33... Rc7 34. Kf2 Rce7 {[%csl Rb2,
Re3]} 35. Ng2 (35. h5 $2 g5 36. Ng6+ Bxg6 37. hxg6 f4 38. gxf4 gxf4 $19 {
with a decisive attack.}) 35... Bf7 $2 {That is a serious innaccuracy, that
gives white an excellent counterplay on the queen side.} (35... Rb7 36. Ra2 Nd7
37. Nf4 Nc5 $15) 36. b3 (36. b4 $5) 36... Qc7 37. bxc4 {That is probably the
strongest, but white had to see a direct continuation after this principal
move, since black's knight gets a nice square on d5.} ({after} 37. b4 Qc8 38.
Nf4 Qe8 39. Qc1 {white is not worse at all.}) 37... dxc4 {[%cal Gf6d5] Black's
knight has got a nice square on d5-there it will attack white's weak pawns c3
and e3.} 38. Qb4 $2 {Missing a great opportunity of seizing an initiative.} (
38. Ra6 Qc8 39. Qa1 $14 {[%csl Ra7,Rc4][%cal Gd4c6]}) 38... a5 $1 $15 {That's
the point! Now black has time for consolidation.} 39. Qb2 Nd5 {[%csl Rc3,Re3]}
40. Qa3 Nf6 41. Qb2 (41. Qa4 $5 {[%cal Ga4c6]} Be8 42. Qxc4 Qxc4 43. Bxc4 Rc7
44. Be6 Rxc3 45. Nf4 $15) 41... Kh7 {Now white is again unable to create any
counterplay, but his position is solid enough.} 42. Be2 {There is no reason to
move the bishop,since it protects on white's king and controls black's weak
pawn c4.} (42. Ra4 $5) (42. Nf4 $5 Ne8 $1 {[%cal Ge8d6]} 43. Qd2 Nd6 $15 {
[%cal Gg6g5]}) 42... Rc5 43. Bd1 $2 ({White could defend more accurately:} 43.
Nf4 $1 {althouth after} Ne8 {[%cal Ge8d6] black has a clear advantage.}) 43...
Nh5 $1 {Now white must do something ''drastic''.} 44. f4 ({maybe better was:} 
44. Nf4 Nxf4 45. gxf4 (45. exf4 Rxe1 46. Kxe1 Bxd4 47. cxd4 c3 $17) 45... Bf6
46. Rh1 h5 $17 {[%csl Re3,Rh4]}) 44... Nf6 $17 {[%csl Re4,Rg2,Rg4]} 45. h5 (45.
Kf1 Bd5) 45... Ne4+ 46. Kg1 Nxg3 47. hxg6+ Bxg6 {Black has won a pawn, but
more important is that white's king is quite weak.} 48. Nh4 {After this move
black creates a strong passed pawn.} (48. Bf3 Ne4 (48... Bf6 49. Reb1 Ne4 50.
Bxe4 fxe4 51. Qb6 $17) 49. Nh4 Qd6 50. Bxe4 (50. Reb1 Qf6 51. Ng2 Be8 {[%cal
Ga5a4]}) 50... fxe4 $17) 48... Bxd4 $1 49. cxd4 Rc6 {[%csl Gc4]} 50. Bf3 (50.
Qb5 c3 51. Bf3 Rc4 52. Kh2 Ne4) 50... Ne4 51. Bxe4 ({more resistant was:} 51.
Qb5 Rg7 52. Qxa5 Qe7 53. Ng2 c3 54. Rec1 Rc8 55. Ra3 Rcg8 {but black has
probably a decisive attack here.}) 51... fxe4 52. Qg2 {That is just a loss of
time, since black wants to put his rooks on ''g'' file. Black can easily
protect on Pe4.} (52. Re2 Bh5 53. Rh2 c3 $19) 52... Rg7 53. Kf2 Qe7 $1 54. Qh1
c3 $19 {Now white is completely hopeless mainly due to the weakness of his
king.} 55. Rxa5 Rb6 {[%cal Gb6b2]} 56. Rc5 (56. Nxg6 Rbxg6 57. Rh5 Qb7 $19)
56... Rb2+ 57. Re2 (57. Kf1 Qa7 {[%cal Ga7a6]} 58. Rc6 Qa2 59. Nxg6 Rf2+ 60.
Kg1 Qd2 $19) 57... Qb7 58. Qc1 (58. Qe1 Qd7 $1 {[%cal Gd7h3]} 59. f5 (59. Rxb2
Qh3 60. Qxc3 (60. Nxg6 Qh2+ 61. Kf1 cxb2 62. Rb5 Rxg6 63. Rb7+ Rg7 $19) 60...
Qxh4+ 61. Kg1 Bh5+ $19) 59... Bh5 60. Rxb2 cxb2 $19) 58... Rxe2+ 59. Kxe2 Qa6+
60. Ke1 (60. Kf2 Qa2+ 61. Kf1 Qh2 $19) 60... Bf7 ({The most effect win was:} 
60... Bh5 $1 $19) 61. Qxc3 Rg1+ 62. Kd2 Qf1 63. Qc2 Qe1# {[%mdl 2048]} 0-1

[Event "EU-ch 4th"]
[Site "Istanbul"]
[Date "2003.06.11"]
[Round "11"]
[White "Vaisser, Anatoli"]
[Black "Bartel, Mateusz"]
[Result "1-0"]
[WhiteElo "2563"]
[BlackElo "2443"]
[Annotator "Roiz,M"]
[PlyCount "39"]
[EventDate "2003.05.30"]
[EventType "swiss"]
[EventRounds "13"]
[EventCountry "TUR"]
[SourceTitle "CBM 096"]
[Source "ChessBase"]
[SourceDate "2003.09.25"]
[SourceVersion "1"]
[SourceVersionDate "2003.09.25"]
[SourceQuality "1"]

1. d4 f5 2. g3 Nf6 3. Bg2 g6 4. Nh3 Bg7 5. Nf4 Nc6 6. h4 {An agressive
approach to playing system with 4.Nh3.} ({Another options are:} 6. c3 e5 (6...
e6 7. Nd2 d6 8. Qb3 d5 9. h4 O-O 10. Nf3 Ne4 11. Nd3 a5 12. Bf4 h5 13. Nfe5 $14
{1-0 Komarov,D-Reinderman,D/Leeuwarden op 1995}) 7. dxe5 Nxe5 8. O-O c6 9. b3
d5 10. Ba3 Ne4 11. Qc2 Qa5 12. Bb4 Qb6 13. Nd2 $36 {1-0 Komarov,D-Van Mil,J/
Donner mem op 1995}) (6. d5 Ne5 7. Nc3 O-O (7... c6 8. h4 Nf7 9. e4 O-O 10.
exf5 gxf5 11. Nh5 Nxh5 12. Qxh5 e6 13. dxe6 dxe6 14. O-O e5 15. Be3 Qf6 $11 {
1/2-1/2 Smyslov,V-Kindermann,S/Sportland NRW-Cup 1993}) 8. h4 c6 9. h5 Qe8 $1
10. hxg6 hxg6 11. a4 d6 12. Be3 Nfg4 13. Bd4 e6 14. dxc6 bxc6 15. Nb5 Qd7 $132
{0-1 Zakharevich,I-Lastin,A/RUS-ch Elista 1996}) (6. Nc3 e5 7. dxe5 Nxe5 8. Nd3
Nf7 9. O-O d5 (9... O-O) 10. Nb5 c6 11. Na3 Nd6 12. Bf4 O-O $11 {1-0 Ibragimov,
I-Galdunts,S/St Petersburg op 1993}) 6... e5 7. dxe5 Nxe5 8. h5 c6 {[%cal
Gd7d5] The most popular continuation.Black wants to set up the strong centre
by d7-d5.} (8... d6) 9. Nd2 $5 {[%csl Ge5][%cal Yd2f3] White wants to change
the strong Ne5,that defends on g6.} ({The most popular is the natural} 9. c4 {
[%cal Yc4d5]} O-O (9... g5 $5 10. Nd3 h6 11. Nxe5 Qa5+ 12. Bd2 Qxe5 $132) (9...
Qe7 10. Nc3 d6 11. b3 Nfg4 12. h6 $6 Bf6 13. O-O Nf7 14. Qd2 O-O 15. Bb2 Bg5
16. e4 Bxh6 $15 {0-1 Damaso,R-Jakubiec,A/EUCup 17th Panormo 2001}) 10. hxg6
hxg6 11. Nc3 Qe8 12. c5 b6 13. Nb5 bxc5 14. Nd6 Qe7 15. Qb3+ Rf7 16. Nxf7 c4
17. Nxg6 Nxg6 18. Nh6+ Bxh6 19. Qxc4+ d5 20. Qxc6 Bb7 21. Bxd5+ Nxd5 22. Qxg6+
Bg7 23. Qh7+ Kf7 24. Bh6 Rg8 25. Bxg7 Rxg7 26. Qxf5+ $18 {1-0 Ubilava,
E-Topalov,V/Ponferrada op1 1992}) (9. Be3 d5 10. Bd4 Ne4 11. hxg6 hxg6 12. Nxg6
Rxh1+ 13. Bxh1 Nxg6 14. Bxg7 Qe7 15. Bc3 Be6 $44 {[%cal Ge8c8,Gf5f4] 0-1
Todorov,O-Szabolcsi,J/Val Thorens op 1995}) (9. hxg6 hxg6 10. Rxh8+ Bxh8 11.
Qd6 Qe7 12. Qxe7+ Kxe7 13. Nd3 Ne4 14. Nxe5 Bxe5 15. c3 d5 $11 {1/2-1/2
Doroshkievich,V-Potapov,A/Chigorin mem op 2000}) 9... d5 10. Nf3 Nfg4 (10...
Nxf3+ 11. Bxf3 Kf7 (11... g5 12. h6 Bf8 13. Nh5) 12. Be3 $14) 11. Nxe5 Nxe5 12.
Be3 $1 $146 {[%cal Ge3d4][%mdl 8] An important novelty! White has to play very
energetically-otherwise his position may be even worse:black has a strong pawn
centre.} ({The previous try was:} 12. Nd3 $6 Be6 13. c3 Nc4 14. Qc2 Qe7 15. b3
Nd6 16. Bb2 Ne4 17. c4 d4 18. O-O-O O-O-O $15 {0-1 Villavicencio Martinez,
A-Spraggett,K/Corte Ingles op 1998}) 12... Bf6 $6 {[%cal Gg6g5] A loss of time.
} (12... O-O 13. hxg6 hxg6 14. Bd4 $16) (12... Qe7 13. Bd4 g5 14. h6 gxf4 15.
hxg7 Qxg7 16. Bc3 $16 {[%cal Gd1d4]}) (12... Qa5+ 13. c3 $1 Nc4 14. Bd4 Nxb2
15. Qd2 Nc4 16. Qd3 $16) ({The right decision was} 12... Bd7 $1 13. Bd4 Qe7 14.
c3 (14. Qd2 Nc4 $1 (14... O-O-O $2 15. Qc3 $1 $16 {[%csl Rg7][%cal Gh5g6,Gc3g7]
}) 15. Qc3 Bxd4 16. Qxd4 O-O-O $132 {[%cal Ge7b4]}) 14... Qd6 {and black has
good chanses to coordinate his pieces.} (14... O-O-O $2 15. h6 Bf6 16. Bxa7 $16
)) 13. hxg6 hxg6 14. Rxh8+ Bxh8 15. Bd4 {[%csl Rg6][%cal Gd4e5]} Qa5+ $2 {
[%mdl 16384] There was no reason for that strange check! The queen has nothing
to do on the queen side,it must protect on the king side.} (15... g5 $142 16.
Nh3 Qe7 17. e3 g4 18. Nf4 Bd7 $14) 16. c3 Kf7 $2 {A decisive mistake! Now
black's king couldn't find a safe place until end of a game.} (16... g5 $142
17. Nh3 Qd8 18. Qc1 g4 19. Nf4 Qe7 20. Qe3 $16) 17. Qb3 $1 {[%cal Gf4d5,Ge1c1,
Ga1h1] A nice place for a queen!Black cannot move his bishop,on the other hand
white can just castle and put his rook on the h file.} b6 18. O-O-O $18 {
The game is over-black cannot finish his development.} Be6 (18... Bf6 19. Bxe5
(19. Rh1 $5) (19. e4 $5) 19... Bxe5 20. Rxd5 cxd5 21. Qxd5+ Qxd5 22. Bxd5+ $18)
19. Rh1 Bg7 (19... Bf6 20. Rh7+ Kg8 21. Rc7 Bf7 22. Bxe5 Bxe5 23. Rxc6 $18) 20.
Rh7 {[%cal Gh7g7] Black cannot avoid material losses.} 1-0